00948 2200229 4500001002100000005001700021008004100038035002500079040001200104082001400116084001900130100001600149245020700165260007300372300003100445500013200476504002800608650003400636700001800670850001200688990001800700INLIS00000000000917720150807042736.0  a0010-081500000000615 aYOPDYOG 223a540.7 aSK 540.7 Est H aESTI Faizah aHubungan antara sikap dan lingkungan belajar terhadap prestasi belajar kimia siswa kelas X semester I Madrasah Aliyah Ali Maksum pondok pesantren Krapyak Yogyakarta tahun ajaran 2005/2006c/ Esti Faizah aYogyakartabUniversitas Islam Negeri Sunan Kalijaga Yogyakartac2006 axiii, 69 lembar ; 29,5 cm. aSkripsi Program Studi Pendidikan Kimia Jurusan Tadris MIPA Fakultas Tarbiyah Universitas Islam Negeri Sunan Kalijaga Yogyakarta aBibliografi: hlm. 68-69 aKimia -- Studi dan Pengajaran aSEDYA Santosa aYOPDYOG a47442-PD/A.15